Speed Type 10 Countries in 15 Seconds - Statistics

General Stats
  • This quiz has been taken 1,820 times
    1,817 since last reset
  • The average score is 8 of 10
Answer Stats
Country Country % Correct
Spain Spain
86%
Zambia Zambia
86%
China China
85%
Belize Belize
83%
Peru Peru
82%
Portugal Portugal
82%
Sweden Sweden
82%
Russia Russia
81%
Barbados Barbados
80%
Panama Panama
80%
Somalia Somalia
80%
Uruguay Uruguay
80%
Brazil Brazil
79%
Italy Italy
79%
Mexico Mexico
79%
Turkey Turkey
79%
Austria Austria
78%
Brunei Brunei
78%
Denmark Denmark
78%
Niger Niger
78%
Belarus Belarus
77%
Taiwan Taiwan
77%
Vanuatu Vanuatu
77%
Finland Finland
76%
India India
76%
Nauru Nauru
76%
Qatar Qatar
76%
Djibouti Djibouti
72%
Seychelles Seychelles
72%
Kyrgyzstan Kyrgyzstan
67%
No matching quizzes found
Score Distribution
Percent of People with Each Score
Percentile by Number Answered
Your Score History
You have not taken this quiz since the last reset